| 000 | 00634nam a22001577a 4500 | ||
|---|---|---|---|
| 003 | OSt | ||
| 005 | 20151104160726.0 | ||
| 008 | 151104b xxu||||| |||| 00| 0 eng d | ||
| 040 | _cRUA | ||
| 082 | _aFOR KIM 1997 B123 Or.1 | ||
| 100 |
_93371 _aKIM, SOBEN. |
||
| 245 | _aComcept on forests and wl=ildlife devilopment plans in kompong cham province, ទស្សនៈទាននៃការរៀបចំផែនការអភិវឌ្ឍន៍ព្រៃឈើនិងសត្វព្រៃនៅខេត្តកំពង់ចាម | ||
| 260 |
_aPhnom Penh _bRUA _c1997 |
||
| 300 |
_a59p. _bill. _c29cm. |
||
| 942 |
_2ddc _cFOR |
||
| 999 |
_c3144 _d3144 |
||